[Event "Titled Tue 10th Jun Late"]
[Site "chess.com INT"]
[Date "2025.06.10"]
[Round "5"]
[White "Swara Lakshmi S Nair"]
[Black "Leschinsky, Gary"]
[Result "0-1"]
[WhiteTitle "WCM"]
[WhiteElo "2187"]
[BlackElo "1992"]
[WhiteFideId "25629239"]
[BlackFideId "30951321"]
[EventDate "2025.06.10"]

1. e4 g6 2. d4 Bg7 3. Nc3 c6 4. Nf3 d5 5. Bf4 Nf6 6. Bd3 dxe4 7. Nxe4 O-O 8. c3
Bf5 9. Nxf6+ Bxf6 10. Bxf5 gxf5 11. O-O Nd7 12. Re1 e6 13. Qd2 Kh8 14. Rad1 Rg8
15. Ne5 Nxe5 16. Bxe5 Rg6 17. Qf4 Qd5 18. Bxf6+ Rxf6 19. b3 Rg6 20. f3 Rag8 21.
Rd2 b6 22. Qe5+ Qxe5 23. Rxe5 Rd8 24. Rde2 Rd5 25. Kf2 Rg8 26. g3 Kg7 27. f4 Kf6
28. Ke3 Rgd8 29. Kd3 c5 30. Rxd5 Rxd5 31. Re5 Rd8 32. a4 h5 33. b4 cxd4 34. cxd4
h4 35. Kc4 hxg3 36. hxg3 a6 37. a5 bxa5 38. Rxa5 Rd6 39. Kc5 Rd5+ 40. Kc4 Rd6
41. Kc5 Ke7 42. Kc4 Kd7 43. Ra3 Kc7 44. Kd3 Kb6 45. Kc4 Rc6+ 46. Kb3 Rc1 47. Ra5
Rg1 48. Rc5 Rxg3+ 49. Ka4 Rf3 50. Rc8 Rxf4 51. Rd8 Kc7 52. Ra8 Rxd4 53. Rxa6 f4
54. Ra8 f5 55. Re8 Kd6 56. Rd8+ Ke5 57. Rxd4 Kxd4 58. b5 Kc5 59. Ka5 f3 60. b6
Kc6 61. Ka6 f2 62. b7 f1=Q+ 63. Ka7 Qa1+ 64. Kb8 f4 65. Kc8 Qa6 66. Kd8 Qxb7 0-1

[Event "Titled Tue 10th Jun Late"]
[Site "chess.com INT"]
[Date "2025.06.10"]
[Round "5"]
[White "Dudzinski, Pawel"]
[Black "Goryachkina, Aleksandra"]
[Result "0-1"]
[WhiteTitle "FM"]
[BlackTitle "GM"]
[WhiteElo "2191"]
[BlackElo "2533"]
[WhiteFideId "1117890"]
[BlackFideId "4147103"]
[EventDate "2025.06.10"]

1. e4 c5 2. c4 Nc6 3. Nc3 e6 4. g3 Nge7 5. Bg2 Nd4 6. Nge2 Nec6 7. d3 Be7 8. O-O
h5 9. h3 g5 10. f4 g4 11. hxg4 hxg4 12. Nxd4 cxd4 13. Ne2 d6 14. Bd2 Bd7 15. b4
Qc7 16. b5 Nd8 17. Qb3 e5 18. Qd1 Ne6 19. Qb3 Nc5 20. Qc2 f6 21. f5 O-O-O 22.
Nc1 Bf8 23. Nb3 Bh6 24. Nxc5 dxc5 25. Bxh6 Rxh6 26. Kf2 Rdh8 27. Rh1 Qa5 28.
Rxh6 Rxh6 29. Rh1 Rxh1 30. Bxh1 a6 31. a4 Qb4 32. Ke2 Qa3 33. Bg2 Qa1 34. Bf1
Kc7 35. Kf2 Kb6 36. Be2 Qc3 37. Bd1 Qxc2+ 38. Bxc2 Ka5 39. Bd1 Kb4 40. Bxg4 Kxa4
41. bxa6 bxa6 42. Bd1+ Kb4 43. g4 a5 44. Ke2 a4 45. Kd2 a3 46. Kc2 Ba4+ 47. Kc1
Bxd1 48. g5 fxg5 49. f6 Bh5 50. Kb1 Kc3 51. Ka2 Kb4 52. Ka1 Kb3 53. f7 Bxf7 54.
Kb1 g4 55. Kc1 g3 56. Kd2 g2 57. Ke2 Bxc4 58. Kf3 Bxd3 59. Kxg2 Bxe4+ 60. Kf2 a2
61. Kg3 a1=Q 62. Kh2 Qb2+ 63. Kg3 Qg2+ 64. Kh4 Qg7 65. Kh5 d3 66. Kh4 c4 67. Kh3
c3 68. Kh2 c2 69. Kh3 c1=Q 70. Kh4 Qh1# 0-1

[Event "Titled Tue 10th Jun Late"]
[Site "chess.com INT"]
[Date "2025.06.10"]
[Round "5"]
[White "Dilanyan, Grigor"]
[Black "Maglioni, Leonardo"]
[Result "0-1"]
[WhiteTitle "FM"]
[WhiteElo "2191"]
[BlackElo "2069"]
[WhiteFideId "13303570"]
[BlackFideId "2896830"]
[EventDate "2025.06.10"]

1. e4 e5 2. Nf3 Nc6 3. Bb5 a6 4. Ba4 Nf6 5. Nc3 Be7 6. Bb3 O-O 7. d3 d6 8. h3
Na5 9. g4 Nxb3 10. axb3 Be6 11. Qe2 Re8 12. g5 Nd7 13. h4 Bg4 14. Nd1 Bh5 15.
Ne3 Nf8 16. Rh3 Ne6 17. Nf5 Bf8 18. Qf1 d5 19. Nd2 Nf4 20. Rg3 dxe4 21. Nxe4 Qd7
22. Nh6+ Kh8 23. Qg1 gxh6 24. Nf6 Qe6 25. gxh6 Bxh6 26. Nxe8 Qxe8 27. Be3 Ne2
28. Bxh6 Nxg1 29. Bg7+ Kg8 30. Bf6+ Bg6 31. h5 Qe6 32. Bg5 Bxh5 33. Kd2 Bg6 34.
Raxg1 e4 35. Be3 Rd8 36. d4 c5 37. c3 cxd4 38. Bxd4 Qxb3 39. Kc1 a5 40. Re3 a4
41. Bc5 Rc8 42. Bd4 a3 43. bxa3 Qxa3+ 44. Kd2 Qb2+ 45. Ke1 b5 46. Kf1 b4 47. Kg2
bxc3 48. Rh1 Qb3 49. Rhh3 Qd5 50. Bxc3 Qf5 51. Bd4 Qe6 52. Bc3 Qd5 53. Rhg3 Rc4
54. Bf6 Rc6 55. Bg5 Re6 0-1

[Event "Titled Tue 10th Jun Late"]
[Site "chess.com INT"]
[Date "2025.06.10"]
[Round "5"]
[White "Loya Ibarra, Rigoberto"]
[Black "Gomez Gonzales, Fabiana"]
[Result "0-1"]
[BlackTitle "WCM"]
[WhiteElo "2069"]
[BlackElo "1796"]
[WhiteFideId "5110688"]
[BlackFideId "3860191"]
[EventDate "2025.06.10"]

1. e4 d5 2. exd5 Qxd5 3. c4 Qe5+ 4. Be2 c6 5. Nf3 Qc7 6. d4 Nf6 7. d5 Bg4 8. Nc3
Nbd7 9. O-O e6 10. dxe6 Bxe6 11. Ng5 O-O-O 12. Nxe6 fxe6 13. Bg4 Bd6 14. h3 Kb8
15. Bxe6 Nc5 16. Qe2 Rhe8 17. Be3 Nxe6 18. Rfd1 Bf4 19. Rxd8+ Nxd8 20. Rd1 Bxe3
21. fxe3 Ne6 22. Qc2 Qb6 23. Re1 Nc7 24. Kf2 Qc5 25. a3 Ne4+ 26. Nxe4 Qf5+ 27.
Kg1 Qxe4 28. Qc3 Qe5 29. Qc2 h6 30. Qg6 a6 31. Kh1 Re6 32. Qc2 Qg3 33. Re2 Rxe3
34. Rxe3 Qxe3 35. b3 Qe1+ 36. Kh2 Qe5+ 37. Kg1 Qa1+ 38. Kh2 Qxa3 39. Qc3 Qd6+
40. Kh1 Qf6 41. Qe1 Ne6 42. b4 Nd8 43. b5 axb5 44. cxb5 Qd6 45. b6 c5 46. Qb1 c4
47. Qb5 c3 48. Qa5 Qd1+ 49. Kh2 Qd6+ 50. Kg1 Nc6 51. Qxc3 Qd4+ 52. Qxd4 Nxd4 53.
Kf2 Ne6 54. Ke3 Kc8 55. Ke4 Kd7 56. Kf5 Ke7 57. Kg6 Kf8 58. g4 Nf4+ 59. Kf5 Nxh3
60. Ke6 Nf2 61. Kd7 Nxg4 62. Kc7 Nf6 63. Kxb7 Nd5 64. Kc6 Nxb6 65. Kxb6 g5 66.
Kc5 Kf7 67. Kd4 Kf6 68. Ke3 h5 69. Kf2 Kf5 70. Kg1 Kg4 71. Kh2 h4 72. Kg1 Kg3
73. Kh1 g4 74. Kg1 h3 75. Kh1 Kf2 76. Kh2 g3+ 77. Kh1 g2+ 0-1

[Event "Titled Tue 10th Jun Late"]
[Site "chess.com INT"]
[Date "2025.06.10"]
[Round "5"]
[White "Gurevich, Dmitry"]
[Black "Dubnevych, Maksym"]
[Result "0-1"]
[WhiteTitle "GM"]
[BlackTitle "FM"]
[WhiteElo "2338"]
[BlackElo "2296"]
[WhiteFideId "2000407"]
[BlackFideId "14184001"]
[EventDate "2025.06.10"]

1. d4 Nf6 2. c4 e6 3. Nc3 d5 4. Bf4 c6 5. e3 Be7 6. Qc2 O-O 7. Nf3 Nbd7 8. a3 b6
9. cxd5 exd5 10. Bd3 h6 11. h3 Bb7 12. O-O a6 13. Rfd1 Rc8 14. b4 c5 15. bxc5
bxc5 16. Rab1 Bc6 17. Bxa6 Ra8 18. Bb5 Qc8 19. a4 c4 20. Ne5 Bxb5 21. axb5 Nb6
22. Nc6 Ba3 23. Be5 Qe6 24. f4 Nfd7 25. f5 Qe8 26. Bf4 f6 27. Re1 Qf7 28. e4 Kh8
29. exd5 Nxd5 30. Nxd5 Qxd5 31. Qe4 Nb6 32. Bc7 Qxe4 33. Rxe4 Nd5 34. Ba5 Rxa5
35. Nxa5 Nc3 36. Rbe1 Nxe4 37. Rxe4 c3 38. Re2 Rb8 39. Nc4 Bb4 40. b6 Kh7 41.
Ra2 Rc8 42. b7 Rb8 43. Rc2 Rxb7 44. Kf2 Rc7 45. Ne3 Rd7 46. d5 Bc5 47. g4 Rxd5
48. Rxc3 Re5 49. Kf3 Bd4 50. Rd3 Bb6 51. Nc4 Rb5 52. Nxb6 Rxb6 53. Re3 Rb1 54.
Rd3 h5 55. Kg3 Kh6 56. Kh4 Rb4 57. Rg3 hxg4 58. hxg4 Rb1 59. Rh3 Kh7 60. Rg3 Kg8
61. Rh3 Rg1 62. Rg3 Re1 63. Rf3 Kf7 64. Rh3 Ke7 65. Rg3 Kf7 66. Rh3 Rf1 67. Rg3
Ra1 68. Rh3 Ra8 69. Rg3 Rh8# 0-1

[Event "Titled Tue 10th Jun Late"]
[Site "chess.com INT"]
[Date "2025.06.10"]
[Round "5"]
[White "Rustemov, Alexander"]
[Black "Panin, Mikhail"]
[Result "1-0"]
[WhiteTitle "GM"]
[BlackTitle "CM"]
[WhiteElo "2525"]
[BlackElo "2255"]
[WhiteFideId "4119002"]
[BlackFideId "34164992"]
[EventDate "2025.06.10"]

1. d4 Nf6 2. c4 g6 3. Nf3 Bg7 4. g3 b6 5. Bg2 Bb7 6. O-O O-O 7. d5 Na6 8. Nc3
Nc5 9. Re1 a5 10. e4 d6 11. e5 dxe5 12. Nxe5 Ne8 13. Bf4 Nd6 14. Qe2 Re8 15.
Rad1 e6 16. Nc6 Qc8 17. dxe6 Nxe6 18. Be3 Nf5 19. Bc1 Nc5 20. Qxe8+ Qxe8 21.
Rxe8+ Rxe8 22. Nb5 Nd6 23. Nxc7 Re2 24. b3 Bf8 25. Bf4 Nf5 26. Nb5 Rxa2 27. h4
h5 28. Rd8 Kg7 29. Be5+ f6 30. Bc7 Rb2 31. Bxb6 Rb1+ 32. Kh2 Nxb3 33. Rd7+ Kg8
34. Rxb7 Nc5 35. Bd5+ Kh8 36. Rb8 Nd7 37. Rb7 Nxb6 38. Rxb6 Rb2 39. Kg1 a4 40.
Rb8 Rb1+ 41. Kg2 Kg7 42. Ra8 Ra1 43. Ra7+ Kh6 44. Ncd4 Bc5 45. Nxf5+ gxf5 46.
Ra6 Ra2 47. Kf1 Rxf2+ 48. Ke1 Rb2 49. Kd1 Rg2 50. Rxa4 Rxg3 51. Nc7 Kg6 52. Ne6
Bd6 53. Ra6 Be5 54. c5 Rd3+ 55. Ke2 Rxd5 56. Nf8+ Kf7 57. Ne6 Rd7 58. Kf3 Re7
59. Nf4 Bd4 60. c6 1-0

[Event "Titled Tue 10th Jun Late"]
[Site "chess.com INT"]
[Date "2025.06.10"]
[Round "5"]
[White "Drygalov, Sergey"]
[Black "Tsydypov, Zhamsaran"]
[Result "1-0"]
[WhiteTitle "GM"]
[BlackTitle "GM"]
[WhiteElo "2560"]
[BlackElo "2514"]
[WhiteFideId "24171743"]
[BlackFideId "4108566"]
[EventDate "2025.06.10"]

1. d4 g6 2. c4 Bg7 3. Nc3 Nf6 4. e4 d6 5. Nf3 O-O 6. Be2 e5 7. O-O h6 8. Re1
Nbd7 9. Bf1 a5 10. Rb1 Re8 11. b3 exd4 12. Nxd4 Nc5 13. f3 c6 14. Be3 Qc7 15.
Qd2 Kh7 16. Rbd1 Nfd7 17. Qc2 Ne5 18. h3 Ne6 19. Nxe6 Rxe6 20. Ne2 a4 21. b4 a3
22. Bd4 Nd7 23. Bxg7 Kxg7 24. Qc3+ Kh7 25. Nd4 Re7 26. f4 Qb6 27. Kh2 Ra4 28.
Nc2 Qf2 29. Qd2 Qxd2 30. Rxd2 Nf6 31. Bd3 h5 32. Re3 Kg7 33. Rde2 Be6 34. Rd2
Rd7 35. Bf1 h4 36. Be2 Kf8 37. Rd4 c5 38. bxc5 dxc5 39. Rxd7 Bxd7 40. e5 Bf5 41.
Rxa3 Rxa3 42. Nxa3 Ne4 43. Nb5 Ng3 44. Bf3 b6 45. Kg1 Bb1 46. a3 Ba2 47. Nd6 Bb1
48. Kf2 Ba2 49. Bd5 Ke7 50. Nxf7 b5 51. Nd6 b4 52. axb4 cxb4 53. Nb5 b3 54. c5
Nf5 55. c6 Ke8 56. c7 Ne7 57. Be6 Bb1 58. Nd6+ Kf8 59. Bxb3 Bf5 60. Nxf5 gxf5
61. Be6 1-0

[Event "Titled Tue 10th Jun Late"]
[Site "chess.com INT"]
[Date "2025.06.10"]
[Round "5"]
[White "Sivakumar, Shaashwath"]
[Black "Clawitter, Craig"]
[Result "1-0"]
[WhiteTitle "FM"]
[WhiteElo "2216"]
[BlackElo "2050"]
[WhiteFideId "30912156"]
[BlackFideId "2023105"]
[EventDate "2025.06.10"]

1. d4 e6 2. c4 Nf6 3. g3 d5 4. Nf3 Be7 5. Bg2 O-O 6. O-O dxc4 7. Qc2 a6 8. a4
Bd7 9. Qxc4 Bc6 10. Bg5 a5 11. Nc3 Na6 12. Rfe1 Bxf3 13. Bxf3 c6 14. e4 Nb4 15.
Rad1 Nd7 16. Bc1 Qc8 17. e5 Nb6 18. Qe2 c5 19. dxc5 Bxc5 20. Ne4 Be7 21. Qb5
N6d5 22. h4 Qc6 23. Qxc6 Nxc6 24. Nc3 Nxc3 25. bxc3 Rfd8 26. Bf4 h6 27. h5 Bg5
28. Bxg5 hxg5 29. Bxc6 bxc6 30. c4 Kf8 31. f3 Ke7 32. Kf2 Rab8 33. Rxd8 Kxd8 34.
Rd1+ Ke7 35. Rd6 Rb4 36. Rxc6 Rxa4 37. Rc7+ Ke8 38. c5 Rc4 39. c6 a4 40. Ke3 a3
41. Kd3 Rc1 42. Ra7 Rxc6 43. Rxa3 Rc5 44. Ke4 f6 45. exf6 gxf6 46. h6 Kf7 47.
Ra7+ Kg6 48. h7 Rc8 49. Re7 Rh8 50. Rxe6 Rxh7 51. g4 Rf7 52. Ra6 Kg7 53. Kf5 Re7
54. Rxf6 Re3 55. Kxg5 Re5+ 56. Rf5 Re3 57. f4 Rh3 58. Ra5 Rh1 59. f5 Rf1 60.
Ra7+ Kf8 61. Kg6 Ke8 62. g5 Rh1 63. f6 Rh8 64. f7+ Kf8 65. Ra8+ Ke7 66. Rxh8 Ke6
67. Rd8 Ke7 68. f8=Q+ Ke6 69. Qf6# 1-0

[Event "Titled Tue 10th Jun Late"]
[Site "chess.com INT"]
[Date "2025.06.10"]
[Round "5"]
[White "Cuellar Montes, Alejandro"]
[Black "Vifleemskaia, Svetlana"]
[Result "0-1"]
[WhiteTitle "CM"]
[BlackTitle "WFM"]
[WhiteElo "2173"]
[BlackElo "1942"]
[WhiteFideId "32096836"]
[BlackFideId "4129490"]
[EventDate "2025.06.10"]

1. d4 Nf6 2. c4 e6 3. Nc3 Bb4 4. e3 O-O 5. Bd3 d5 6. Ne2 dxc4 7. Bxc4 c5 8. O-O
Nc6 9. a3 Bxc3 10. bxc3 Qc7 11. a4 Na5 12. Bd3 Rd8 13. Ba3 c4 14. Bc2 b6 15. e4
Bb7 16. f4 Bxe4 17. Ng3 Bxc2 18. Qxc2 Nd5 19. Rf3 f5 20. Re1 Nxf4 21. Re5 g5 22.
h4 Nc6 23. Re1 g4 24. Rff1 Nd3 25. Nh5 Qf7 26. Nf4 Nxe1 27. Rxe1 Re8 28. Bd6
Rad8 29. Be5 Nxe5 30. Rxe5 Rd6 31. h5 Kg7 32. Qd2 h6 33. Qe3 Re7 34. d5 Qf6 35.
Nxe6+ Kf7 36. g3 Rdxe6 37. dxe6+ Rxe6 38. Rxe6 Qxe6 39. Qd2 Ke7 40. Kh2 Qd6 41.
Qe3+ Qe6 42. Qd2 a6 43. Qf2 b5 44. Qa7+ Kf6 45. Qd4+ Kf7 46. Qa7+ Kf6 47. Qd4+
Ke7 48. Qg7+ Kd6 49. axb5 axb5 50. Qd4+ Kc6 51. Qd8 Qe2+ 52. Kh1 Qf3+ 53. Kh2
Qf2+ 54. Kh1 Qxg3 55. Qc8+ Kd5 56. Qb7+ Ke6 57. Qc8+ Kf6 58. Qf8+ Kg5 59. Qd8+
Kxh5 60. Qe8+ Kh4 61. Qe7+ Kh3 62. Qe2 f4 63. Qf1+ Kh4 64. Qd1 f3 65. Qd8+ Kh3
66. Qd1 Qg2# 0-1

[Event "Titled Tue 10th Jun Late"]
[Site "chess.com INT"]
[Date "2025.06.10"]
[Round "5"]
[White "Gutierrez Carmona, Juan Alejandro"]
[Black "Vazelakis, Dimitrios"]
[Result "1/2-1/2"]
[WhiteTitle "FM"]
[WhiteElo "2036"]
[BlackElo "1857"]
[WhiteFideId "5106770"]
[BlackFideId "4203674"]
[EventDate "2025.06.10"]

1. d4 e6 2. Bf4 f5 3. e3 Nf6 4. Nf3 b6 5. Be2 Bb7 6. O-O Bd6 7. Bxd6 cxd6 8. c4
O-O 9. Nc3 Nc6 10. Nd2 Ne7 11. Bf3 Bxf3 12. Qxf3 d5 13. cxd5 Nexd5 14. Nxd5 Nxd5
15. a3 Rc8 16. Rac1 Qe7 17. Nc4 Rc6 18. Ne5 Rcc8 19. h3 d6 20. Nd3 Qd7 21. Qe2
Rxc1 22. Rxc1 Rc8 23. Qd2 Kf7 24. Rc2 Ke7 25. Qc1 Rxc2 26. Qxc2 Qc7 27. Qxc7+
Nxc7 28. Kf1 a5 29. Ke2 Kf6 30. Nc1 e5 31. Nb3 Nd5 32. dxe5+ dxe5 33. Nd2 b5 34.
Kd3 Ke6 35. g3 g5 36. Nb3 a4 37. Na1 h5 38. Nc2 Kd6 39. e4 fxe4+ 40. Kxe4 Ke6
41. Ne1 Nf6+ 42. Ke3 Kd5 43. Kd3 Ne4 44. Ke3 g4 45. hxg4 hxg4 46. Nc2 Nc5 47.
Nb4+ Kc4 48. Nc6 e4 49. Ne5+ Kb3 50. Nxg4 Kxb2 51. Ne5 Kxa3 52. g4 b4 53. g5 b3
54. g6 b2 55. Nc4+ Kb3 56. g7 b1=Q 57. Nd2+ Kc2 58. Nxb1 Kxb1 59. g8=Q a3 60.
Qc4 a2 61. Qxa2+ Kxa2 62. Kd4 Kb3 63. Kxc5 Kc3 64. Kd5 Kd3 65. Ke5 e3 66. fxe3
Kxe3 1/2-1/2

[Event "Titled Tue 10th Jun Late"]
[Site "chess.com INT"]
[Date "2025.06.10"]
[Round "5"]
[White "Olund, Joar"]
[Black "Saydaliev, Saidakbar"]
[Result "0-1"]
[WhiteTitle "FM"]
[BlackTitle "IM"]
[WhiteElo "2369"]
[BlackElo "2450"]
[WhiteFideId "1714848"]
[BlackFideId "14203693"]
[EventDate "2025.06.10"]

1. d4 Nf6 2. Bg5 d5 3. Nd2 Nbd7 4. Ngf3 h6 5. Bh4 e6 6. e3 c5 7. c3 Be7 8. Bd3
O-O 9. O-O b6 10. Ne5 Bb7 11. Qf3 Nxe5 12. dxe5 Nd7 13. Bxe7 Qxe7 14. Qg3 f5 15.
exf6 Rxf6 16. e4 d4 17. e5 Rf7 18. Nc4 Ba6 19. cxd4 cxd4 20. Nd6 Bxd3 21. Qxd3
Nxe5 22. Qxd4 Nc6 23. Qd3 Rd8 24. Rfd1 Qf6 25. Ne4 Qe5 26. Qc4 Nd4 27. f3 Rfd7
28. Re1 Kh8 29. Rac1 Qf4 30. Qf1 e5 31. Nc3 Qg5 32. Kh1 Ne6 33. Rcd1 Nf4 34. Ne4
Qg6 35. Rxd7 Rxd7 36. g3 Ne6 37. Rd1 Nd4 38. Kg2 Rf7 39. Rd3 Rxf3 40. Rxf3 Qxe4
41. h3 h5 42. Qd3 Qb7 43. Kf2 Nxf3 44. Qxf3 Qe7 45. Qxh5+ Kg8 46. Ke3 Qc5+ 47.
Ke4 Qd4+ 48. Kf5 Qd7+ 49. Ke4 Qa4+ 50. Ke3 Qa5 51. a3 Qb5 52. b4 a5 53. bxa5
bxa5 54. Qf5 Qc5+ 55. Ke2 Qc4+ 56. Kf2 Qa2+ 57. Kf1 Qa1+ 58. Kf2 Qd4+ 59. Kf1 e4
60. Ke2 Qd3+ 61. Ke1 Qxg3+ 62. Ke2 Qd3+ 63. Kf2 e3+ 0-1

[Event "Titled Tue 10th Jun Late"]
[Site "chess.com INT"]
[Date "2025.06.10"]
[Round "5"]
[White "Tang, Andrew"]
[Black "Barria, Jose"]
[Result "1/2-1/2"]
[WhiteTitle "GM"]
[BlackTitle "FM"]
[WhiteElo "2529"]
[BlackElo "2371"]
[WhiteFideId "2059630"]
[BlackFideId "1939300"]
[EventDate "2025.06.10"]

1. d4 Nf6 2. c4 g6 3. f3 Bg7 4. e4 d6 5. Nc3 O-O 6. Nge2 c5 7. d5 e6 8. Ng3 exd5
9. cxd5 a6 10. a4 h5 11. Bg5 Qc7 12. Qd2 Nh7 13. Bh6 h4 14. Bxg7 Kxg7 15. Bc4
Nd7 16. Nge2 Ne5 17. Bb3 Qb6 18. Ra3 h3 19. Nc1 hxg2 20. Qxg2 Ng5 21. f4 Bh3 22.
Qg3 Nef3+ 23. Kd1 c4 24. fxg5 Qe3 25. Kc2 cxb3+ 26. Nxb3 Rac8 27. Kb1 Rxc3 28.
bxc3 Qxe4+ 29. Kb2 Ne5 30. Nd2 Qxh1 31. Qxh3 Qd1 32. Qe3 Rh8 33. Ra1 Qxd2+ 34.
Qxd2 Nc4+ 35. Kc2 Nxd2 36. Kxd2 Rxh2+ 37. Kd3 Rh5 38. Rg1 Rh4 39. c4 Rh3+ 40.
Kd4 Rb3 41. Re1 Rb4 42. a5 b6 43. Kc3 bxa5 44. Ra1 Rb6 45. Rxa5 f6 46. gxf6+
Kxf6 47. Kd4 g5 48. Ra1 g4 49. Rf1+ Kg5 50. Rf8 a5 51. Ke4 Rb4 52. Kd3 a4 53.
Kc3 Rb3+ 54. Kc2 Rb4 55. Kc3 Rb3+ 56. Kc2 Rb6 57. Ra8 Rb4 58. Kc3 Rb3+ 59. Kc2
Ra3 60. c5 dxc5 61. d6 Ra2+ 62. Kc3 Ra3+ 63. Kc4 Ra1 64. Kxc5 g3 65. d7 Rd1 66.
Kc6 Kg4 67. Rxa4+ Kh3 68. Ra5 Rxd7 69. Kxd7 g2 70. Rh5+ Kg3 71. Rg5+ Kh2 72. Ke6
g1=Q 73. Rxg1 Kxg1 1/2-1/2

[Event "Titled Tue 10th Jun Late"]
[Site "chess.com INT"]
[Date "2025.06.10"]
[Round "5"]
[White "Achuthan, Aryan"]
[Black "Dambaev, Dashi"]
[Result "1-0"]
[BlackTitle "CM"]
[WhiteElo "2087"]
[BlackElo "2211"]
[WhiteFideId "30982294"]
[BlackFideId "55628494"]
[EventDate "2025.06.10"]

1. d4 Nf6 2. c4 e6 3. Nc3 Bb4 4. Qc2 O-O 5. a3 Bxc3+ 6. Qxc3 d5 7. Bg5 dxc4 8.
Qxc4 b6 9. Nf3 Ba6 10. Qa4 h6 11. Bh4 c5 12. dxc5 bxc5 13. e3 Bxf1 14. Rxf1 Qb6
15. Bxf6 gxf6 16. Qc2 Nc6 17. Nd2 Rab8 18. Nc4 Qb5 19. Rc1 Ne5 20. Nxe5 fxe5 21.
Qxc5 Qxb2 22. Rc2 Qb1+ 23. Ke2 Qb7 24. Rfc1 Qb5+ 25. Qxb5 Rxb5 26. Rc5 Rb2+ 27.
Kf3 Rd8 28. Rxe5 Rdd2 29. Rf1 Ra2 30. Ra5 Rd7 31. Kg3 Kg7 32. h4 Kg6 33. h5+ Kf6
34. f3 Rdd2 35. Rg1 Rd3 36. e4 Rdxa3 37. Rxa3 Rxa3 38. Rb1 a5 39. Rb6 a4 40. Ra6
Ra2 41. Ra5 a3 42. Kh3 Ra1 43. Kg4 a2 44. g3 Kg7 45. e5 Kg8 46. f4 Kg7 47. Ra3
Kg8 48. Ra4 Kg7 49. Ra8 Kh7 50. Ra6 Kg7 51. Ra5 Kh7 52. Ra4 Kg7 53. Ra7 Kh7 54.
Rxf7+ Kg8 55. Ra7 Kf8 56. Ra6 Kf7 57. Ra5 Kg7 58. Ra7+ Kg8 59. Ra6 Kf7 60. Ra4
Kg7 61. Ra3 Kf7 62. Ra7+ Kf8 63. Ra8+ Kf7 64. Ra5 Kg7 65. Rb5 Kf7 66. Rb2 Kg7
67. Rf2 Kf7 68. f5 1-0

[Event "Titled Tue 10th Jun Late"]
[Site "chess.com INT"]
[Date "2025.06.10"]
[Round "5"]
[White "Pereyra, Horacio"]
[Black "Labussiere, Victor"]
[Result "0-1"]
[BlackTitle "FM"]
[WhiteElo "2133"]
[BlackElo "2312"]
[WhiteFideId "113700"]
[BlackFideId "2183129"]
[EventDate "2025.06.10"]

1. d4 Nf6 2. Nc3 d5 3. Bg5 c6 4. f3 Qb6 5. Rb1 Nbd7 6. e4 dxe4 7. fxe4 e5 8. Nf3
exd4 9. Nxd4 Bc5 10. Be3 Ne5 11. Be2 Neg4 12. Bg1 O-O 13. h3 Ne5 14. Na4 Qa5+
15. c3 Be7 16. b4 Qc7 17. Qc2 Ng6 18. Bh2 Bd6 19. Bxd6 Qxd6 20. O-O Re8 21. Bf3
Qe5 22. Nc5 a5 23. a3 axb4 24. axb4 h5 25. Rbe1 Ra3 26. Nd3 Qg5 27. Qb2 Ra8 28.
Qf2 Ne5 29. Nxe5 Qxe5 30. Qh4 Ra3 31. Ne2 Bd7 32. Rd1 Be6 33. Rfe1 Bc4 34. Nf4
Rxc3 35. Nxh5 Nxh5 36. Bxh5 Be6 37. Rd8 Rxd8 38. Qxd8+ Kh7 39. Bf3 Qf4 40. Qd4
Rc2 41. Qe3 Qxe3+ 42. Rxe3 Rb2 43. Ra3 Rxb4 44. Kf2 Kg6 45. Ke3 Kf6 46. Ra8 Ke7
47. h4 g6 48. Kf4 Rb1 49. g4 c5 50. h5 gxh5 51. gxh5 Rb2 52. h6 Rh2 53. Rb8 Kd6
54. Rh8 c4 55. h7 Ke7 56. Rb8 Rh4+ 57. Ke5 Rxh7 58. Kd4 Kf6 59. Rxb7 Rh3 60. Rc7
Rxf3 61. e5+ Kf5 62. Rc5 Rd3# 0-1

[Event "Titled Tue 10th Jun Late"]
[Site "chess.com INT"]
[Date "2025.06.10"]
[Round "5"]
[White "Movahed, Sina"]
[Black "Tahbaz, Arash"]
[Result "1-0"]
[WhiteTitle "GM"]
[BlackTitle "IM"]
[WhiteElo "2544"]
[BlackElo "2462"]
[WhiteFideId "42520835"]
[BlackFideId "12528846"]
[EventDate "2025.06.10"]

1. e4 d5 2. e5 c5 3. Nf3 Nc6 4. c3 Bg4 5. Bb5 Qb6 6. Ba4 e6 7. O-O Ne7 8. h3
Bxf3 9. Qxf3 Ng6 10. Re1 Be7 11. d3 O-O 12. Qh5 Qc7 13. Bxc6 Qxc6 14. Nd2 d4 15.
Nf3 dxc3 16. bxc3 Rad8 17. d4 cxd4 18. cxd4 h6 19. Be3 Rc8 20. a4 b6 21. Nh2 Qc2
22. Nf3 Rfd8 23. Rac1 Qxa4 24. Rxc8 Rxc8 25. d5 exd5 26. e6 Qe8 27. Qxd5 Rd8 28.
Qa2 fxe6 29. Qxa7 b5 30. Nd4 b4 31. Nxe6 Rb8 32. Nc7 Qc8 33. Nd5 Bf8 34. Rc1 Qd8
35. Rd1 b3 36. Ne7+ Qxe7 37. Qxb8 Qe6 38. Qb5 Ne5 39. Rb1 Qf5 40. Qxb3+ Kh7 41.
Rd1 Be7 42. Qb1 Qxb1 43. Rxb1 Bf6 44. Rb7 Kg6 45. Kf1 Kf5 46. Ke2 Ng6 47. Rb5+
Ke6 48. f4 Ne7 49. g4 Kf7 50. Kf3 g6 51. Ke4 Ke6 52. Rb6+ Kf7 53. Bd4 Bxd4 54.
Kxd4 h5 55. Ke5 hxg4 56. hxg4 Ng8 57. Rb7+ Kf8 58. Ke6 Nh6 59. g5 Ng4 60. Rf7+
Kg8 61. Ra7 Ne3 62. Kf6 Nd5+ 63. Kxg6 Nxf4+ 64. Kh6 Ne6 65. g6 1-0

[Event "Titled Tue 10th Jun Late"]
[Site "chess.com INT"]
[Date "2025.06.10"]
[Round "5"]
[White "Davtyan, Artur"]
[Black "Aditya, Varun Gampa"]
[Result "1-0"]
[WhiteTitle "IM"]
[BlackTitle "FM"]
[WhiteElo "2472"]
[BlackElo "2186"]
[WhiteFideId "13308327"]
[BlackFideId "45066183"]
[EventDate "2025.06.10"]

1. d4 a6 2. a4 e6 3. Nf3 Nf6 4. c3 c5 5. dxc5 Bxc5 6. b4 Be7 7. Bb2 d5 8. e3 O-O
9. Be2 Nc6 10. O-O Bd7 11. Nbd2 Qc7 12. Nb3 Ne5 13. Nxe5 Qxe5 14. Qd4 Qc7 15.
Rfc1 Ne4 16. Qd1 Bf6 17. Nd4 Nd6 18. Qb3 Rac8 19. b5 e5 20. Nf3 axb5 21. axb5
Nc4 22. Bxc4 dxc4 23. Qb4 Rfd8 24. h3 Bf5 25. Ba3 Be4 26. Qb2 Bxf3 27. gxf3 Qd7
28. Kg2 Qf5 29. Bb4 e4 30. Qe2 Rd2 31. fxe4 Qxe4+ 32. Qf3 Qg6+ 33. Qg4 Bh4 34.
Rf1 Re8 35. Qxg6 fxg6 36. Bc5 Re5 37. Ra8+ Rd8 38. Rxd8+ Bxd8 39. Rd1 Ba5 40.
Ba7 Rxb5 41. Rd7 Bxc3 42. Rc7 Rb2 43. Rxc4 Be1 44. e4 h6 45. Rc8+ Kh7 46. Bd4
Rb4 47. Rd8 g5 48. Rd7 Kg6 49. Rxg7+ Kh5 50. Rd7 Bd2 51. Bc5 Rc4 52. Bf8 g4 53.
hxg4+ Kxg4 54. Rxd2 b5 55. Bxh6 b4 56. Be3 b3 57. Rb2 Rc3 58. f3+ Kh5 59. Kf2
Kg6 60. Ke2 Kf7 61. Bd4 Rc4 62. Kd3 Rc1 63. Rxb3 Rd1+ 64. Ke3 Re1+ 65. Kf4 Ke6
66. Rb6+ Kd7 67. Ke5 Rf1 68. f4 Rd1 69. f5 Rh1 70. Rb7+ Kc6 71. Re7 Rh8 72. Ke6
Rc8 73. Be5 Kb5 74. f6 Rc6+ 75. Bd6 Rc8 76. e5 Kc4 77. f7 Kd4 78. Re8 Ke4 79.
Rxc8 1-0